Propuesta de mejoras en documentos estándar para una subsidaria costarricense desarrolladora de proyectos de constriucción
Guardat en:
| Autor principal: | |
|---|---|
| Format: | Llibre |
| Idioma: | Spanish |
| Publicat: |
[San José ], Costa Rica
2017
|
| Matèries: | |
| Etiquetes: |
Afegir etiqueta
Sense etiquetes, Sigues el primer a etiquetar aquest registre!
|
MARC
| LEADER | 00000nam a22000007a 4500 | ||
|---|---|---|---|
| 003 | 012807 | ||
| 005 | 20221231144255.0 | ||
| 008 | 180116b2017 cr a|||| |m|| 00| ||spa d | ||
| 040 | |c cru CEDI | ||
| 090 | |a TFG 7958 | ||
| 100 | |9 10817 |a Alfaro Rodríguez, Andrés | ||
| 245 | |a Propuesta de mejoras en documentos estándar para una subsidaria costarricense desarrolladora de proyectos de constriucción | ||
| 260 | |a [San José ], Costa Rica |c 2017 | ||
| 300 | |a 115 hojas ; ilustraciones | ||
| 500 | |a Proyecto de graduación (licenciatura en ingeniería civil)--Universidad de Costa Rica. Facultad de Ingeniería. Escuela de Ingeniería Civil | ||
| 650 | |x ADMINISTRACION DE PROYECTOS |x INDUSTRIA DE LA CONSTRUCCION - ADMINISTRACION |x ADMINISTRACION DE PROYECTOS - NORMAS |x INDUSTRIA DE LA CONSTRUCCION - NORMAS |x NORMAS (INGENIERIA) |9 10818 | ||
| 942 | |c TFG | ||
| 999 | |c 19425 |d 19425 | ||
